00434nam a2200169Ia 4500003000400000008004100004040001600045082001600061100002000077245003500097260005700132300001000189650001400199650001200213650001900225650002000244GCL140319s9999 xx 000 0 eng d aGCL / cGCL04a362.28bD S1 aDARKHEIM, EMILE10aLE SUICIDE / cDARKHEIM, EMILE a[S.N] : bPRESSES UNIVERSITAIRES DE FRANCE ، c1997 a463 P04aSOCIOLOGY04aSUICIDE04aSOCIAL SCIENCE04aSOCIAL SECURITY